000 00788nam a2200241Ia 4500
003 OSt
005 20220926005244.0
006 a|||||r|||| 00| 0
007 ta
008 220923b |||||||| |||| 00| 0 eng d
020 _a9788132110071
_c467.5
037 _b129/2012-13, 19/10/2012, PIONEER BOOK DISTRIBUTORS
_cGeneral Book
040 _aRTL
_cRTL
_beng
041 _2eng
_aeng
082 _aY48, N7;Q2
100 _aNORTHOUSE Peter G
_9247651
245 0 _aLeadership
_bTheory and practice.
250 _a6th
260 _a New Delhi
_bSage Publications.
_c2012
300 _axviii,481p. Bibliography: P 449-51
_ccm.
942 _hY48, N7;Q2
_cGB
_2CC
999 _c613314
_d613314